| 000 | 00775cam a22002292 4500 | ||
|---|---|---|---|
| 001 | 0000023577 | ||
| 005 | 20151217145942.0 | ||
| 008 | 130228s xx 000 0 eng d | ||
| 010 | _a0335210465 | ||
| 040 |
_aKABU _cKABU |
||
| 245 | 1 | 4 |
_aThe moral foundations of educational research : _bknowledge, inquiry and values / _cPat Sikes, Jon Nixon and Wilfred Carr (eds) |
| 250 | _a1st ed. | ||
| 260 |
_aPhiladelphia : _bOpen University Press, _c2003. |
||
| 300 | _a141 p. | ||
| 650 | 0 |
_aEduacation _xResearch _xMoral and ethical aspects. _@0000183145 |
|
| 700 | 1 |
_aSikes, Pat. _@0000183146 |
|
| 700 | 1 |
_aNixon, Jon. _@0000183147 |
|
| 700 | 1 |
_aCarr, Wilfred. _@0000183148 |
|
| 852 | 1 | _9p2500 KES | |
| 908 | _a130228 | ||
| 950 | _@1 | ||
| 999 |
_c4386 _d4386 |
||